Tres colores prehispánicos (Record no. 11067)

MARC details
000 -CABECERA
campo de control de longitud fija 00855nam a22002417a 4500
001 - NÚMERO DE CONTROL
campo de control BRCA_9355
003 - IDENTIFICADOR DEL NÚMERO DE CONTROL
campo de control FranzMayer
005 - FECHA Y HORA DE LA ÚLTIMA TRANSACCIÓN
campo de control 20230918110047.0
008 - DATOS DE LONGITUD FIJA--INFORMACIÓN GENERAL
campo de control de longitud fija 230918b |||||||| |||| 00| 0 eng d
020 ## - NÚMERO INTERNACIONAL ESTÁNDAR DEL LIBRO
Número Internacional Estándar del Libro 968390100X
040 ## - FUENTE DE LA CATALOGACIÓN
Centro catalogador/agencia de origen MFM
Lengua de catalogación ESPAÑOL
Centro/agencia transcriptor MFM
050 #0 - SIGNATURA TOPOGRÁFICA DE LA BIBLIOTECA DEL CONGRESO
Número de clasificación TP919
Número de documento/Ítem C67 1985
100 1# - ENTRADA PRINCIPAL--NOMBRE DE PERSONA
Código de función/relación Responsable
Nombre de persona Corona, Pascuala
9 (RLIN) 29826
240 ## - TÍTULO UNIFORME
Título uniforme Tres colores prehispánicos
Lenguaje de la obra Español
245 0# - MENCIÓN DE TÍTULO
Título Tres colores prehispánicos
260 ## - PUBLICACIÓN, DISTRIBUCIÓN, ETC.
Lugar de publicación, distribución, etc. México
Nombre del editor, distribuidor, etc. Editorial Patria
Fecha de publicación, distribución, etc. 1985
300 ## - DESCRIPCIÓN FÍSICA
Extensión 31 p
Otras características físicas Ilustraciones a color
Dimensiones 15 cm
505 ## - NOTA DE CONTENIDO CON FORMATO
Nota de contenido con formato Texto en: españolDirigido a: artistas, artesanos y estudiantes de arte
650 1# - PUNTO DE ACCESO ADICIONAL DE MATERIA--TÉRMINO DE MATERIA
Fuente del encabezamiento o término Química
Término de materia o nombre geográfico como elemento de entrada Química natural
Subdivisión de forma Colorantes
9 (RLIN) 29827
651 2# - PUNTO DE ACCESO ADICIONAL DE MATERIA--NOMBRE GEOGRÁFICO
Fuente del encabezamiento o término Colorantes
Nombre geográfico Colorantes naturales
Subdivisión de forma Colorantes prehispánicos
9 (RLIN) 29828
700 1# - PUNTO DE ACCESO ADICIONAL--NOMBRE DE PERSONA
Código de función/relación Textos
Nombre de persona Campos Castelló, Beatriz de Maria
9 (RLIN) 29829
942 ## - ELEMENTOS DE PUNTO DE ACCESO ADICIONAL (KOHA)
Fuente del sistema de clasificación o colocación Library of Congress Classification
Tipo de ítem Koha Libros
Holdings
Estado de retiro Estado de pérdida Fuente del sistema de clasificación o colocación Estado dañado No para préstamo Código de colección Localización permanente Ubicación/localización actual Fecha de adquisición Total de préstamos Signatura topográfica completa Código de barras Fecha visto por última vez Precio válido a partir de Tipo de ítem Koha
El ejemplar forma parte de la colección y puede ser consultado según las políticas vigentes.   Library of Congress Classification     Fondo Contemporáneo Biblioteca del Museo Franz Mayer (Rogerio Casas-Alatriste) Biblioteca del Museo Franz Mayer (Rogerio Casas-Alatriste) 18/09/2023   TP919 C67 1985 CONT10221 18/09/2023 18/09/2023 Libros